000 01019nam a22002897a 4500
001 BR9102503
003 BR-BrBNA
005 20230928093618.0
007 ta
008 230509b bl.||||| |||| 00| 0 por d
040 _aBR-BrBNA
_bpor
_cBiblioteca Nacional de Agricultura
041 _a(Por)
072 _aF30; F03
_b1959
_b3575
090 _ 1959 BR9102503
100 1 _aAvedikian, H.K.
110 1 _aEscola Superior de Agricultura Luiz de Queiroz, Piracicaba, SP (Brasil)
_0Tese (Mestre em Agronomia)
245 1 _aEcogenetica de especies de Desmodium desv. (Leguminosae)que ocorrem em areas de pastagem e de gramado
246 1 _aEcogenetics of pasture and lawn Desmodium desv. species (Leguminosae)
260 3 _aPiracicaba, SP (Brasil):
_c1991.
300 _a157 p.
500 _a10 illus.; 18 tables; Bibliography p. 97-113 (133 ref.); Summaries (Eng, Por)
650 _aDESMODIO
650 _aDORMENCIA DA SEMENTE
650 _aGERMINACAO
909 _a202309
_bLucia
_c55
_dLucia Elande
942 _cBK
999 _c46001
_d46001